Statistics for 7 Deadly Sins Quiz

Click here to take the quiz!

General Stats

  • This quiz has been taken 188,140 times
  • The average score is 5 of 7

Answer Stats

Deadly Sin % Correct
Greed
83%
Gluttony
82%
Lust
81%
Sloth
77%
Envy
74%
Pride
62%
Wrath
58%

Score Distribution

Percentile by Number Answered

Percent of People with Each Score

Your Score History

You have not taken this quiz